Morphological characterization and distribution of macrofungi in gajni forest of bangladesh / (Record no. 13991)
[ view plain ]
| 000 -LEADER | |
|---|---|
| fixed length control field | 00926nam a22002417a 4500 |
| 003 - CONTROL NUMBER IDENTIFIER | |
| control field | BD-DhSAU |
| 005 - DATE AND TIME OF LATEST TRANSACTION | |
| control field | 20190113094145.0 |
| 008 - FIXED-LENGTH DATA ELEMENTS--GENERAL INFORMATION | |
| fixed length control field | 151014b2016 bg ||||| |||| 001 0 eng d |
| 040 ## - CATALOGING SOURCE | |
| Original cataloging agency | BD-DhSAU |
| 082 ## - DEWEY DECIMAL CLASSIFICATION NUMBER | |
| Edition number | 22 |
| Classification number | 581.2 |
| Item number | M7396 |
| 100 ## - MAIN ENTRY--PERSONAL NAME | |
| Personal name | MOUMITA MOMI |
| Relator term | Reg. No. 10-04117 |
| 245 ## - TITLE STATEMENT | |
| Title | Morphological characterization and distribution of macrofungi in gajni forest of bangladesh / |
| Remainder of title | MS Thesis |
| 260 ## - PUBLICATION, DISTRIBUTION, ETC. (IMPRINT) | |
| Place of publication, distribution, etc. | Sher-e- Bangla Agricultural University : |
| Name of publisher, distributor, etc. | Department of Plant Pathology, |
| Date of publication, distribution, etc. | 2016 |
| 300 ## - PHYSICAL DESCRIPTION | |
| Extent | viii, 110 p. : |
| Other physical details | ill. ; |
| Dimensions | 30 cm. |
| 590 ## - Name of Cataloguer | |
| Name of Cataloger | Shofi |
| 650 ## - SUBJECT ADDED ENTRY--TOPICAL TERM | |
| Topical term or geographic name as entry element | Plant Pathology |
| 650 ## - SUBJECT ADDED ENTRY--TOPICAL TERM | |
| Topical term or geographic name as entry element | MORPHOLOGICAL CHARACTERIZATION AND DISTRIBUTION |
| 650 ## - SUBJECT ADDED ENTRY--TOPICAL TERM | |
| Topical term or geographic name as entry element | MACROFUNGI |
| Geographic subdivision | GAJNI FOREST OF BANGLADESH |
| 700 ## - ADDED ENTRY--PERSONAL NAME | |
| Personal name | Aminuzzamn, F. M. |
| Relator term | Supervisor |
| 700 ## - ADDED ENTRY--PERSONAL NAME | |
| Personal name | Hossain, Md. Belal |
| Relator term | Co-Supervisor |
| 856 ## - ELECTRONIC LOCATION AND ACCESS | |
| Uniform Resource Identifier | <a href="http://archive.saulibrary.edu.bd:8080/xmlui/handle/123456789/22">http://archive.saulibrary.edu.bd:8080/xmlui/handle/123456789/22</a> |
| Link text | Online Access |
| 942 ## - ADDED ENTRY ELEMENTS (KOHA) | |
| Source of classification or shelving scheme | Dewey Decimal Classification |
| Koha item type | MS Level Thesis |
| Withdrawn status | Lost status | Source of classification or shelving scheme | Damaged status | Not for loan | Collection code | Home library | Branch Name | Date acquired | Total Checkouts | Full call number | Barcode | Date last seen | Price effective from | Koha item type |
|---|---|---|---|---|---|---|---|---|---|---|---|---|---|---|
| Dewey Decimal Classification | Not For Loan | Reference | SAU Library | SAU Library | 17/09/2017 | 581.2 M7396 | 40208 | 03/10/2017 | 03/10/2017 | MS Level Thesis |
